LEADER 02791nam 2200589 450 001 9910463952903321 005 20200520144314.0 010 $a0-7391-8885-2 035 $a(CKB)2670000000544771 035 $a(EBL)1636024 035 $a(SSID)ssj0001131838 035 $a(PQKBManifestationID)12519953 035 $a(PQKBTitleCode)TC0001131838 035 $a(PQKBWorkID)11144656 035 $a(PQKB)10633173 035 $a(MiAaPQ)EBC1636024 035 $a(Au-PeEL)EBL1636024 035 $a(CaPaEBR)ebr10852583 035 $a(CaONFJC)MIL584941 035 $a(OCoLC)874029535 035 $a(EXLCZ)992670000000544771 100 $a20140410h20142014 uy 0 101 0 $aeng 135 $aur|n|---||||| 181 $ctxt 182 $cc 183 $acr 200 14$aThe cavalier presidency $eexecutive power and prerogative in times of crisis /$fJustin P. DePlato 210 1$aLanham, Maryland ;$aPlymouth, England :$cLexington Books,$d2014. 210 4$dİ2014 215 $a1 online resource (233 p.) 300 $aDescription based upon print version of record. 311 $a1-4985-3619-0 311 $a0-7391-8884-4 320 $aIncludes bibliographical references and index. 327 $aContents; Figures; Tables; Acknowledgments; Introduction; 1 The Theory of Executive Emergency Power; 2 American Perspective on Executive Emergency Powers; 3 George Washington's and Thomas Jefferson's Interpretations and Applications of Executive Emergency Power; 4 Presidents James Madison's and Andrew Jackson's Interpretations and Applications of Executive Emergency Power; 5 President Lincoln's Interpretation and Application of Executive Emergency Power; 6 George W. Bush's Interpretation and Application of Executive Emergency Power following the Attacks of September 11, 2001; 7 Conclusion 327 $aAfterwordReferences; Index; About the Author 330 $aIn The Cavalier Presidency, Justin P. DePlato argues that executive emergency power undermines the normal processes of democratic republicanism and harms the rule of law. DePlato analyzes the theory of executive emergency power across a wide breadth of philosophical history and reviews seven U.S. presidencies, concluding that presidents are becoming increasingly reckless when determining and using power during crisis. 606 $aWar and emergency powers$zUnited States 606 $aExecutive power$zUnited States 608 $aElectronic books. 615 0$aWar and emergency powers 615 0$aExecutive power 676 $a352.23/50973 700 $aDePlato$b Justin P.$0910620 801 0$bMiAaPQ 801 1$bMiAaPQ 801 2$bMiAaPQ 906 $aBOOK 912 $a9910463952903321 996 $aThe cavalier presidency$92038099 997 $aUNINA LEADER 02891oam 2200601I 450 001 9910462926503321 005 20200520144314.0 010 $a0-203-58356-6 010 $a1-136-66370-3 024 7 $a10.4324/9780203583562 035 $a(CKB)2670000000353091 035 $a(EBL)1181022 035 $a(SSID)ssj0000990063 035 $a(PQKBManifestationID)11526062 035 $a(PQKBTitleCode)TC0000990063 035 $a(PQKBWorkID)10981976 035 $a(PQKB)11598007 035 $a(MiAaPQ)EBC1181022 035 $a(Au-PeEL)EBL1181022 035 $a(CaPaEBR)ebr10691720 035 $a(CaONFJC)MIL485207 035 $a(OCoLC)843640090 035 $a(OCoLC)842885335 035 $a(EXLCZ)992670000000353091 100 $a20180706e20131954 uy 0 101 0 $aeng 135 $aur|n|---||||| 181 $ctxt 182 $cc 183 $acr 200 10$aAdvertising and psychology /$fLeslie E. Gill 210 1$aAbingdon, Oxon :$cRoutledge,$d2013. 215 $a1 online resource (193 p.) 225 0 $aRoutledge Library Editions : Advertising 300 $aFirst published in 1954 by Hutchinson's University Library. 311 $a1-138-96611-8 311 $a0-415-81770-6 320 $aIncludes bibliographical references and index. 327 $aCover; Advertising and Psychology; Title Page; Copyright Page; Original Title Page; Original Copyright Page; Table of Contents; Preface; I Introduction; II Media; III Advertising Research; IV The Mind; V Attention; VI Attention Factors in Advertising; VII Apperception and Interest; VIII Psychology of the Layout; IX Imagination; X Motivation; XI Habit; XII Feeling and Emotion; XIII Intelligence; XIV Sympathy and Suggestion; XV Various Advertising Appeals; XVI Remembering; XVII Association; XVIII Volition; XIX Conclusion; Bibliography; Index 330 $aThe consequences of advertising on the social life of the community has been a much-discussed topic in recent years. Advertising as a means of influencing the thought and behaviour of masses of people involves the application of such fundamental aspects of psychology as attention, motivation, memory, association, suggestion, volition, and so on.Modern advertising presents its message in a variety of forms: attracting, informing, reminding, suggesting and impelling us many times during the course of any single day. To what extent advertising influences our tastes, preferences and purc 410 0$aRoutledge Library Editions: Advertising 606 $aAdvertising$xPsychological aspects 608 $aElectronic books. 615 0$aAdvertising$xPsychological aspects. 676 $a659.1019 700 $aGill$b Leslie E.$0126815 801 0$bMiAaPQ 801 1$bMiAaPQ 801 2$bMiAaPQ 906 $aBOOK 912 $a9910462926503321 996 $aAdvertising and Psychology$916466 997 $aUNINA LEADER 02970oam 2200685I 450 001 9910462326803321 005 20200520144314.0 010 $a1-283-58717-3 010 $a9786613899620 010 $a0-203-11135-4 010 $a1-136-27834-6 024 7 $a10.4324/9780203111352 035 $a(CKB)2670000000237959 035 $a(EBL)1016121 035 $a(OCoLC)810082859 035 $a(SSID)ssj0000738862 035 $a(PQKBManifestationID)12304534 035 $a(PQKBTitleCode)TC0000738862 035 $a(PQKBWorkID)10671544 035 $a(PQKB)11450364 035 $a(MiAaPQ)EBC1016121 035 $a(Au-PeEL)EBL1016121 035 $a(CaPaEBR)ebr10596267 035 $a(CaONFJC)MIL389962 035 $a(EXLCZ)992670000000237959 100 $a20180706d2013 uy 0 101 0 $aeng 135 $aur|n|---||||| 181 $ctxt 182 $cc 183 $acr 200 10$aPresidential power and accountability $etoward a presidential accountability system /$fBruce Buchanan 210 1$aNew York :$cRoutledge,$d2013. 215 $a1 online resource (185 p.) 300 $aDescription based upon print version of record. 311 $a0-415-53655-3 311 $a0-415-53654-5 320 $aIncludes bibliographical references and index. 327 $aRethinking presidential power -- Problems -- Incoherent presidential accountability -- The unconscious presidential accountability system -- Costs -- Presidential wars of choice -- Remedies -- Bringing the PAS to life: the presidential accountability project -- Prospective accountability for wars of choice: policy trials. 330 $aMany analysts now believe that the growth of presidential war power relative to Congress is irreversible. This book was written to contest that view. Its purpose is to identify what would be required to restore presidential war power to constitutional specifications while leaving the president powerful enough to do what is truly necessary in the face of any emergency. Buchanan focuses mainly on diagnosing the origins of the problem and devising practical ways to work toward restoration of the constitutional balance of power between Congress and the president. The work begins b 606 $aPresidents$zUnited States 606 $aExecutive power$zUnited States 606 $aSeparation of powers$zUnited States 606 $aWar and emergency powers$zUnited States 606 $aGovernment accountability$zUnited States 608 $aElectronic books. 615 0$aPresidents 615 0$aExecutive power 615 0$aSeparation of powers 615 0$aWar and emergency powers 615 0$aGovernment accountability 676 $a352.23/50973 700 $aBuchanan$b Bruce$f1945-,$0899836 801 0$bMiAaPQ 801 1$bMiAaPQ 801 2$bMiAaPQ 906 $aBOOK 912 $a9910462326803321 996 $aPresidential power and accountability$92010428 997 $aUNINA